书目信息 |
| 题名: |
世界最险恶之旅
|
|
| 作者: | 谢里-加勒德 著 ;尹萍 译 | |
| 分册: | I | |
| 出版信息: | 重庆 重庆出版社 2016 |
|
| 页数: | 283页 | |
| 开本: | 22cm | |
| 丛书名: | 远行译丛 | |
| 单 册: | ||
| 中图分类: | N816.61 | |
| 科图分类: | ||
| 主题词: | ||
| 电子资源: | ||
| ISBN: | 978-7-5321-5828-7 | |
| 000 | 00867nam0 2200265 450 | |
| 001 | 3011 | |
| 005 | 20161207150912.29 | |
| 010 | @a978-7-5321-5828-7@b精装@dCNY39.00 | |
| 100 | @a20160518d2016 em y0chiy50 ea | |
| 101 | 1 | @achi@ceng |
| 102 | @aCN@b500000 | |
| 105 | @aab z 000yy | |
| 200 | 1 | @a世界最险恶之旅@9shi jie zui xian e zhi lv@b专著@dThe worst journey in the world@hI@zeng@f(英)阿普斯利`谢里-加勒德著@g尹萍译 |
| 210 | @a重庆@c重庆出版社@d2016 | |
| 215 | @a283页@c图, 地图, 照片@d22cm | |
| 225 | 2 | @a远行译丛 |
| 330 | @a南极·探险 | |
| 461 | 0 | @12001 @a远行译丛 |
| 510 | 1 | @aWorst journey in the world@zeng |
| 607 | @a南极@x探险 | |
| 690 | @aN816.61@v5 | |
| 701 | 1 | @a谢里-加勒德@9xie li - jia le de@b阿普斯利@c(英)@4著 |
| 702 | 0 | @a尹萍@9yin ping@4译 |
| 801 | 0 | @aCN@b大连网信软件有限公司图书馆·11@c20161207 |
| 905 | @aZUCC@dN816.61@e12:1 | |
| 世界最险恶之旅=The worst journey in the world.I/(英)阿普斯利`谢里-加勒德著/尹萍译.-重庆:重庆出版社,2016 |
| 283页:图, 地图, 照片;22cm.-(远行译丛) |
| ISBN 978-7-5321-5828-7(精装):CNY39.00 |
| 南极·探险 |
| ● |
| 相关链接 |
|
|
|
|
正题名:世界最险恶之旅
索取号:N816.61/12:1
 
预约/预借
| 序号 | 登录号 | 条形码 | 馆藏地/架位号 | 状态 | 备注 |
| 1 | 912474 | 209124749 | 第二样本阅览室/ [索取号:N816.61/12:1] | 在馆 | |
| 2 | 912475 | 209124758 | 第三借阅区/ [索取号:N816.61/12:1] | 在馆 | |
| 3 | 912476 | 209124767 | 第三借阅区/ [索取号:N816.61/12:1] | 在馆 | |
| 4 | 912477 | 209124776 | 第三借阅区/ [索取号:N816.61/12:1] | 在馆 |